| 000 | 01079cam a2200265 a 4500 | ||
|---|---|---|---|
| 001 | 16647576 | ||
| 005 | 20170131111527.0 | ||
| 008 | 110211s2011 enkab frb 001 0 eng d | ||
| 020 | _a9780273732952 | ||
| 040 |
_aDLC _cDLC _dDLC _dEG-ScBUE _beng |
||
| 082 | 0 | 4 |
_a658.3008 _222 _bBRO |
| 100 | 1 |
_aBrowaeys, Marie-Joelle. _913352 |
|
| 245 | 1 | 0 |
_aUnderstanding cross-cultural management / _cMarie-Joelle Browaeys and Roger Price. |
| 250 | _a2nd ed. | ||
| 260 |
_aHarlow ; _aNew York : _bFinancial Times / Prentice Hall, _c2011. |
||
| 300 |
_axx, 410 p. : _bill. ; _c25 cm. |
||
| 500 | _aRev. ed. of: Understanding cross-cultural management. 2008. | ||
| 504 | _aIncludes bibliographical references and index. | ||
| 650 | 7 |
_aDiversity in the workplace _xManagement. _913353 _2BUEsh |
|
| 650 | 7 |
_aManagement _935728 _2BUEsh _xCross-cultural studies. |
|
| 653 |
_bBUSADM _cMarch2012 _cJanuary2017 |
||
| 700 | 1 |
_aPrice, Roger, _d1946- _929352 |
|
| 942 |
_2ddc _cBB |
||
| 999 |
_c16575 _d16575 |
||